LEADER 01165nam a2200289 i 4500 001 000000142785 003 CaOOAMICUS 005 20190701162803.0 008 101004s1962 it u000 u ita u 013 $a118141 040 $aSeMil$bita 100 1 $aHyams, Edward.$0(OLS)http://semarc/name/57307 240 10$aSoil and civilization.$0(OLS)http://semarc/title/208880 245 10$aTerre e civiltà /$cEdward Hyams ; traduzione di. 260 $aMilano :$bIl Saggiatore,$c1962. 300 $a397 p., [20] c. di tav. :$bill. ;$c21 cm. 490 0 $aUomo e mito ;$vVolume33 650 4$aAgricoltura.$0(OLS)http://semarc/subject/8174 650 4$aTerreno agrario - Coltivazione - Storia.$0(OLS)http://semarc/subject/28094 700 1 $aZanasi, Raffaele.$0(OLS)http://semarc/name/55093 830 0$aUomo e mito ;$v33.$0(OLS)http://semarc/title/21621 850 $aSeMil 852 $aSeMil$W1$xVenegono$y1$m3S I 19$j95926$B95926$CSeMilBibl$Z2$F155887 $81 961 $aOmaggio: Altro 996 $6245$aTerre e civiltà$9(OLS)http://semarc/title/208879 996 $6260$aMilano :$bIl Saggiatore$9(OLS)http://semarc/publisher/30255 LEADER 01429nam a2200253 i 4500 001 000000244384 003 CaOOAMICUS 005 20220408103210.0 008 150804s1777 it u000 u ita u 013 $a223289 026 $avae- z-n- a,el quOs (3) 1777 (R) 040 $aSeMil$bita 100 1 $aPalafox y Mendoza, Juan : de .$0(OLS)http://semarc/name/13830 245 10$aPellegrinaggio di Filotea al santo tempio della Croce. Opera del ven. servo di Dio monsig. Don Giovanni di Palafox, e Mendoza ... Nuova traduzione dalla lingua spagnuola nell'italiana di un religioso della Congregazione di S. Filippo Neri. 260 $aIn Venezia :$bAppresso Simone Occhi,$c1777. 300 $aXXXVI, 240 p. ;$c12º. 500 $aFregio sul front. - Iniz., testatine xilogr. 500 $aSegn.: a16 A-K12 700 1 $aOcchi, Simone,$c.$0(OLS)http://semarc/name/2607 850 $aSeMil 852 $aSeMil$W1$xVenegono$y1$m3F III 373 FA$j194730$B194730$CSeMilBibl$Z2$F205248 $8I 996 $6245$aPellegrinaggio di Filotea al santo tempio della Croce. Opera del ven. servo di Dio monsig. Don Giovanni di Palafox, e Mendoza ... Nuova traduzione dalla lingua spagnuola nell'italiana di un religioso della Congregazione di S. Filippo Neri$9(OLS)http://semarc/title/346360 996 $6260$aIn Venezia :$bAppresso Simone Occhi$9(OLS)http://semarc/publisher/32635